[Event "53rd Biel Rapid 2020"]
[Site "Biel"]
[Date "2020.07.20"]
[Round "5.2"]
[White "Harikrishna, Pentala"]
[Black "Wojtaszek, Radoslaw"]
[Result "1/2-1/2"]
[WhiteElo "2719"]
[BlackElo "2719"]
[Annotator "TA"]
[PlyCount "145"]
[EventDate "2020.07.19"]
[EventType "tourn"]
[EventCountry "SUI"]

{[%evp 14,145,0,0,-8,-13,0,-53,-47,-52,-47,-67,-57,-73,-56,-70,-29,-119,-135,-162,-147,-140,66,91,234,214,281,131,134,95,97,0,0,0,0,0,0,0,60,64,95,101,102,100,102,102,427,0,0,-31,76,21,20,0,0,0,0,0,0,0,0,0,8,5,3,3,27,14,85,0,0,0,0,0,102,0,0,0,130,92,90,97,158,14,0,0,1,0,72,86,156,161,120,145,314,308,280,255,303,307,472,20,47,8,8,8,18,32,45,8,8,8,8,8,8,8,8,8,8,8,8,8,8,8,8,8,8,8,8,8,8,8,8,8]} 1. d4 Nf6 2. c4 e6 3. Nf3 d5 4. Nc3 Bb4 5. Bg5 dxc4 6. Qa4+ Nc6 7. a3 Bxc3+ 8. bxc3 Qd5 {Threatens to win with ...Ne4. D39: Queen's Gambit Declined: Ragozin Defence with 5 Bg5 dxc4.} 9. Bxf6 gxf6 10. e3 (10. Nd2 $11) 10... b5 $15 {Black is slightly better.} 11. Qc2 a6 12. e4 Qd6 {[#]} 13. g3 $146 ({Predecessor:} 13. a4 Rb8 14. axb5 axb5 15. g3 Ne7 16. Rb1 c6 17. Qb2 Bb7 18. Nd2 O-O 19. Bg2 {½-½ (62) Schwartzman,P-Roodzant,C Buenos Aires 1939}) 13... Bb7 14. Bg2 e5 {[%cal Re5d4]} 15. Rd1 (15. d5 $11 Ne7 16. O-O) 15... Qxa3 $17 16. O-O O-O-O $1 17. Ra1 Qb3 $2 (17... Qd6 $1 $17 {[%cal Re5d4]} 18. d5 Ne7) 18. Qc1 $1 $14 b4 (18... Nb4 $16) 19. d5 $18 Na7 20. cxb4 (20. Qh6 $1 $18) 20... Nb5 21. Rb1 Qd3 22. Rd1 ({White should play} 22. Re1 $16) 22... Qxe4 $11 23. Nd2 Qd4 24. Ne4 Qb6 25. Nc5 $1 Nd4 (25... h5 $11) 26. Qxc4 $14 Qb5 $1 {[%cal Rb5c4]} 27. Rxd4 $1 exd4 28. Qxd4 Rd6 29. Bf1 Qe8 $2 {[%mdl 8192]} (29... Qb6 $16 {is a better chance.}) 30. Nxb7 $2 (30. b5 $18 a5 31. Na6) 30... Kxb7 $11 31. Rc1 Qa4 (31... Qd7 $15 {keeps the upper hand.}) 32. Ra1 (32. Qc3 $16 Qd7 33. b5) 32... Qb3 33. b5 {Qc5 is the strong threat.} a5 $1 34. Rxa5 Ra8 35. Ra6 Raxa6 36. bxa6+ {[%mdl 4096] Endgame KQR-KQB} Ka8 37. Qe4 Ka7 38. Qe7 Qc2 39. Qxf7 Rb6 40. Qe7 Qc1 (40... f5 $11 {remains equal.}) 41. Kg2 (41. Qxh7 $16 Rxa6 42. Kg2) 41... h6 42. Bd3 Rd6 43. Be2 Qc5 (43... Rb6 $11 {keeps the balance.}) 44. Bf3 (44. Qf8 $1 $16) 44... Kxa6 45. Qf8 h5 (45... Qc1 $1 $11) 46. Qa8+ {[%mdl 1024] White has strong compensation.} Kb6 47. Qb8+ Ka6 (47... Ka5 $142) 48. Be2+ ({Don't do} 48. Bxh5 Rxd5 49. Be2+ Ka5 $16) (48. h4 $16) 48... Ka5 49. Qa8+ Kb4 50. Bf3 Rb6 (50... c6 $11) 51. Bxh5 $16 Kc3 (51... f5 $142) 52. Qa1+ Rb2 {[#]} 53. Qe1+ $1 Rd2 $2 (53... Kd3 $16) 54. Bf3 $18 Qd4 55. h4 f5 {[#]} 56. h5 $1 f4 (56... Qb6 $142 57. Kg1 Kc2) 57. Qa1+ $2 (57. g4 $18) 57... Rb2 $1 $11 58. Qc1+ Kb3 $132 {[%mdl 2048] Black is not keeping still} 59. Qd1+ Qxd1 60. Bxd1+ {KR-KB} Kc4 61. Bf3 {Strongly threatening g4.} ({Much worse is} 61. gxf4 Kxd5 62. h6 Rb6 $11) 61... fxg3 {The position is equal.} 62. Kxg3 Kd4 63. Kf4 Rxf2 64. h6 Rh2 65. Kg5 Ke5 66. Bh5 Rg2+ 67. Bg4 $1 Rh2 68. Bf3 Rh3 69. Bh5 Ra3 70. h7 Ra8 71. Kh6 Rh8 72. Kg7 Rxh7+ 73. Kxh7 {Both players deserved the win here. Accuracy: White = 63%, Black = 61%.} 1/2-1/2

[Event "53rd Biel Rapid 2020"]
[Site "Biel"]
[Date "2020.07.20"]
[Round "5.3"]
[White "Naiditsch, Arkadij"]
[Black "Edouard, Romain"]
[Result "1-0"]
[WhiteElo "2626"]
[BlackElo "2649"]
[Annotator "TA"]
[PlyCount "51"]
[EventDate "2020.07.19"]
[EventType "tourn"]
[EventCountry "SUI"]

{[%evp 12,51,7,13,14,19,6,0,0,0,0,0,6,0,0,8,60,49,69,37,73,75,81,79,92,79,129,136,102,110,129,134,139,134,136,129,131,127,1660,1566,2518,2522]} 1. e4 e6 2. d4 d5 3. Nd2 c5 4. exd5 Qxd5 5. dxc5 Bxc5 6. Ngf3 Nf6 7. Bc4 Qc6 {C07: French Tarrasch: 3...c5, 4 Ngf3 and 4 exd5 Qxd5.} 8. Qe2 a6 9. Nb3 Bd6 {The position is equal.} 10. Nbd4 Qc7 11. Bg5 {[#]} O-O $146 ({Predecessor:} 11... Be7 12. O-O O-O 13. Rfe1 Nc6 14. Nxc6 Qxc6 15. Bd3 h6 16. Ne5 Qc7 17. Bxh6 gxh6 {0-1 (37) Nandhidhaa,P (2241)-Volovich,V (2306) Moscow 2018}) 12. Bxf6 gxf6 13. O-O-O Rd8 ({Black should play} 13... Kh8 $11) 14. Kb1 $36 {[%mdl 2048] White has the initiative.} Bf8 15. h4 Nc6 16. Nxc6 Rxd1+ 17. Rxd1 bxc6 18. g4 Rb8 19. g5 fxg5 20. Nxg5 {Hoping for Qd3.} h6 {[#]} 21. Ne4 $1 {[%cal Re4f6] Nf6+ is the strong threat.} Bg7 22. c3 c5 23. Qe3 Bb7 {Black wants to play ...Bxe4+.} 24. Nxc5 Bxc3 $2 {[%mdl 8192]} (24... Be4+ $16 25. Nxe4 Qxc4) 25. Qxc3 $18 {[#] White threatens Nxe6! and mate.} Qxc5 26. Qg3+ {[%mdl 64] Double Attack. Accuracy: White = 94%, Black = 58%.} 1-0

[Event "53rd Biel Rapid 2020"]
[Site "Biel"]
[Date "2020.07.20"]
[Round "5.4"]
[White "Adams, Michael"]
[Black "Anton Guijarro, David"]
[Result "1/2-1/2"]
[WhiteElo "2701"]
[BlackElo "2703"]
[Annotator "TA"]
[PlyCount "43"]
[EventDate "2020.07.19"]
[EventType "tourn"]
[EventCountry "SUI"]

{[%evp 10,43,15,10,13,16,9,0,0,0,8,0,0,0,0,-16,-12,-15,14,0,0,0,0,-49,-40,-40,-25,-42,-24,-40,-16,-20,-12,-27,-13,-25]} 1. e4 e5 2. Nf3 Nc6 3. Bb5 a6 4. Ba4 Nf6 5. d3 Bc5 6. c3 d6 {C77: Ruy Lopez: 3...a6 4 Ba4 Nf6, unusual lines.} (6... b5 7. Bb3 d6 8. Bg5 h6 9. Bh4 Qe7 10. Nbd2 Bd7 11. Nf1 g5 12. Bg3 Nh5 13. Ne3 Bxe3 14. fxe3 Nxg3 15. hxg3 Na5 {½-½ (51) Adams,M (2727)-Anton Guijarro,D (2651) Heraklion 2017}) 7. Bg5 Ba7 8. Nbd2 h6 9. Bh4 {[#]} g5 $146 ({Predecessor:} 9... Bd7 10. Nf1 g5 11. Bg3 Nh5 12. Qd2 Nf4 13. Ne3 Bxe3 14. fxe3 Ng6 15. O-O g4 {0-1 (65) Sjugirov,S (2662)-Carlsen,M (2876) chess24.com INT 2020}) 10. Bg3 h5 {[#] Strongly threatening ...b5.} 11. h4 ({Don't play} 11. Nxg5 h4 $17) 11... g4 12. Nh2 Bd7 13. Nhf1 Ne7 14. Ne3 Bxa4 15. Qxa4+ Qd7 16. Qxd7+ Nxd7 17. Ke2 O-O 18. Raf1 Bxe3 19. fxe3 Kg7 20. a4 a5 21. Ra1 f6 22. Rhf1 {Accuracy: White = 93%, Black = 100%.} 1/2-1/2

[Event "53rd Biel Rapid 2020"]
[Site "Biel"]
[Date "2020.07.20"]
[Round "6.1"]
[White "Adams, Michael"]
[Black "Studer, Noel"]
[Result "1-0"]
[WhiteElo "2701"]
[BlackElo "2580"]
[Annotator "TA"]
[PlyCount "59"]
[EventDate "2020.07.19"]
[EventType "tourn"]
[EventCountry "SUI"]

{[%evp 13,59,20,29,10,8,6,11,14,0,0,0,0,11,4,0,0,0,8,27,41,99,97,97,103,107,8,12,7,61,10,3,0,74,27,105,117,443,439,591,151,168,143,160,158,155,182,1580,1572]} 1. e4 c5 2. Nf3 Nc6 3. Bb5 g6 4. O-O Bg7 5. Re1 e5 6. Bxc6 dxc6 7. d3 Qe7 8. Nbd2 {8.a4 injects fresh life into this line. B31: Sicilian: 2...Nc6 3 Bb5 g6.} Be6 9. a4 f6 10. a5 {The position is equal.} Nh6 11. b3 O-O 12. Nc4 {[#]} Nf7 $146 ({Predecessor:} 12... Rfd8 13. Qe2 Nf7 14. Ba3 Bf8 15. Qe3 Rd7 16. Nfd2 Nd8 17. f4 exf4 18. Qxf4 Bxc4 19. bxc4 {1-0 (56) Tazbir,M (2552)-Pedzich,D (2395) Szklarska Poreba 2013}) 13. Be3 f5 14. exf5 gxf5 15. Ra4 Rad8 16. Bd2 {[%cal Rf3e5]} Qc7 (16... Bd5 $14) 17. Bc3 $16 Bxc4 18. Rxc4 Rd5 19. b4 (19. Rh4 $16) 19... cxb4 $1 $11 20. Rxb4 Re8 ({Black should play} 20... Qxa5 $11 21. Qb1 b5) 21. Qb1 (21. Rh4 $14) 21... Nd6 22. Qb3 Kh8 (22... e4 $11 23. a6 Bxc3 24. Qxc3 b6 25. dxe4 fxe4) 23. Nd2 Re6 (23... Nb5 $11) 24. Nc4 $36 {[%mdl 2048] And now Nxd6 would win. White is really pushing.} Nb5 $2 {[%mdl 8192] [#] Loses the game.} (24... Re7 $16) 25. Ne3 $1 $18 {[%csl LRd5,LRf5][%cal Re3d5]} Nxc3 26. Qxc3 $2 (26. Rxb7 $18 {is the precise move to win.} Qxa5 27. Rb8+ Rd8 28. Rxd8+ Qxd8 29. Qxe6 {[%mdl 64] Double Attack}) 26... e4 $16 27. d4 ({Not} 27. Nxd5 Bxc3 28. Nxc7 Bxb4 $11) 27... Rxa5 {[#] Black wants to play ...b6.} 28. Rxb7 $1 {[%mdl 576] Deflection} Qxb7 29. Qxa5 {Intending Qd8+ and mate.} Bxd4 $2 (29... Rf6 30. Nxf5 {[%mdl 64] Discovered Attack} Qb5 31. Qxb5 cxb5) 30. Qd8+ {[%mdl 64] Double Attack. Accuracy: White = 73%, Black = 51%.} 1-0

[Event "53rd Biel Rapid 2020"]
[Site "Biel"]
[Date "2020.07.20"]
[Round "6.2"]
[White "Anton Guijarro, David"]
[Black "Naiditsch, Arkadij"]
[Result "1/2-1/2"]
[WhiteElo "2703"]
[BlackElo "2626"]
[Annotator "TA"]
[PlyCount "48"]
[EventDate "2020.07.19"]
[EventType "tourn"]
[EventCountry "SUI"]

{[%evp 11,48,20,22,12,9,-1,0,7,7,11,6,0,0,0,5,0,0,0,15,17,19,8,13,15,12,0,0,0,11,0,0,9,15,17,14,0,0,0,0]} 1. Nf3 d5 2. b3 Nf6 3. Bb2 c5 4. e3 Nc6 5. Bb5 Bd7 6. O-O e6 {The position is equal.} 7. c4 {7.c4 is setting a new trend. Played by David Anton Guijarro in May 2020. A06: Réti Opening: 1 Nf3 d5.} dxc4 8. bxc4 Bd6 {[#]} 9. d3 $146 ({Predecessor:} 9. d4 O-O 10. d5 exd5 11. cxd5 Nb8 12. Nc3 a6 13. Be2 b5 14. a4 b4 15. Nb1 {1-0 (36) Potkin,V (2597)-Alekseenko,K (2638) St Petersburg 2018}) 9... a6 10. Ba4 Rb8 11. Nc3 O-O 12. Rb1 Qc7 13. h3 Rfd8 14. Qe2 Nb4 15. Bxd7 Rxd7 16. Rfd1 b5 17. cxb5 axb5 18. a4 bxa4 19. Nxa4 Nfd5 (19... Ra8 {feels hotter.} 20. Nc3 Qc6 21. Rbc1 Qb7 22. Rb1 Qc6) 20. Nc3 Nxc3 21. Bxc3 Rdd8 22. Rbc1 Qb7 23. d4 cxd4 24. Bxb4 Bxb4 {An uneventful encounter. Accuracy: White = 100%, Black = 100%.} 1/2-1/2

[Event "53rd Biel Rapid 2020"]
[Site "Biel"]
[Date "2020.07.20"]
[Round "6.3"]
[White "Edouard, Romain"]
[Black "Harikrishna, Pentala"]
[Result "0-1"]
[WhiteElo "2649"]
[BlackElo "2719"]
[Annotator "TA"]
[PlyCount "54"]
[EventDate "2020.07.19"]
[EventType "tourn"]
[EventCountry "SUI"]

{[%evp 18,54,19,12,29,16,16,0,10,0,3,0,14,4,12,0,7,0,0,0,2,0,0,-47,-50,-41,-43,-44,-45,-72,-46,-116,-114,-129,-99,-335,-334,-330,-324]} 1. d4 d5 2. c4 dxc4 3. e3 Nf6 4. Bxc4 e6 5. Nf3 a6 6. O-O c5 7. dxc5 Qxd1 8. Rxd1 Bxc5 9. Be2 O-O 10. Nbd2 Rd8 {D27: Queen's Gambit Accepted: Classical main line: 7 e4!? and 7 a4.} 11. b3 Bd7 $5 {[%mdl 4] Exploring less charted territory.} 12. Nc4 Nc6 {[%cal Bb8c6,Bc6b4,Bb4a2][%mdl 32] The position is equal.} 13. Bb2 Be8 {[#]} 14. Kf1 $146 ({Predecessor:} 14. Nfe5 Rxd1+ 15. Rxd1 Rd8 16. Rxd8 Nxd8 17. Bf3 Be7 18. Nb6 Bc5 19. Bd4 Bxd4 20. exd4 {½-½ (42) Kramnik,V (2797)-Anand,V (2794) Mainz 2001}) 14... Nd5 15. Rac1 Be7 16. g3 Rac8 17. Nd4 Ncb4 18. a3 Na2 19. Rc2 b5 20. Ra1 bxc4 21. Bxc4 Nb6 22. Rxa2 Nxc4 23. bxc4 Ba4 $36 {[%mdl 2048] Black is pushing.} 24. Rc3 (24. Rc1 $15) 24... e5 $17 {[%mdl 1024] Black has strong compensation.} 25. Nf5 Bf8 {[#] White must now prevent ...Rd2.} 26. Bc1 $2 (26. Rc1 $17 {keeps fighting.}) 26... g6 $19 27. Nh4 e4 {Accuracy: White = 67%, Black = 94%.} 0-1

[Event "53rd Biel Rapid 2020"]
[Site "Biel"]
[Date "2020.07.20"]
[Round "6.4"]
[White "Wojtaszek, Radoslaw"]
[Black "Keymer, Vincent"]
[Result "1-0"]
[WhiteElo "2719"]
[BlackElo "2558"]
[Annotator "TA"]
[PlyCount "63"]
[EventDate "2020.07.19"]
[EventType "tourn"]
[EventCountry "SUI"]

{[%evp 10,63,44,16,19,0,0,5,0,0,0,0,0,0,0,0,0,0,0,0,0,0,45,39,54,51,51,47,43,27,45,52,67,54,90,57,110,85,83,89,95,95,95,95,94,91,77,29,99,49,190,184,227,202,308,303]} 1. c4 e6 2. Nc3 Nf6 3. e4 d5 4. cxd5 exd5 5. e5 Ne4 6. Nf3 (6. d4 {seems wilder.} Bb4 7. Qa4+ Nc6 8. Bb5 Bd7 9. Nge2) 6... Bf5 {A18: English Opening: Flohr-Mikenas System (1 c4 Nf6 2 Nc3 e6 3 e4).} 7. d3 (7. d4 {feels hotter.} Bb4 8. Bd2 Bxc3 9. Bxc3 O-O 10. Be2) 7... Nxc3 8. bxc3 c5 {The position is equal.} 9. d4 c4 10. a4 Nc6 11. Be2 Be7 12. O-O O-O 13. Ne1 f6 14. exf6 Bxf6 15. Nc2 {[#]} Qd7 $146 ({Predecessor:} 15... Na5 16. Ba3 Be7 17. Ne3 Bxa3 18. Rxa3 Be6 19. Ra2 Qd6 20. Re1 Rae8 21. Bf3 Bf7 {1-0 (57) Le,Q (2714)-Xu,Y (2536) Makati 2018}) 16. Ne3 Be6 17. Ba3 Rfe8 18. Ng4 Be7 19. Bxe7 Qxe7 20. Bf3 Bxg4 21. Bxg4 Qd6 22. Rb1 Rab8 (22... Re7 $14) 23. Bf3 a6 {[#]} 24. Rb6 $1 Re7 25. Qb1 Qd7 26. Qc1 Qd8 27. Qb2 Qd7 28. Qa3 Rd8 (28... Rf8 $11) 29. h3 Kf8 (29... Qe6 $14) 30. Rfb1 Na5 31. Re1 {Bxd5! is the strong threat.} Nc6 {[#]} (31... Qc7 {might work better.} 32. Rbe6 Nc6) 32. Bxd5 $1 {[%mdl 512] Accuracy: White = 85%, Black = 69%.} 1-0

[Event "53rd Biel Rapid 2020"]
[Site "Biel"]
[Date "2020.07.20"]
[Round "7.1"]
[White "Studer, Noel"]
[Black "Wojtaszek, Radoslaw"]
[Result "0-1"]
[WhiteElo "2580"]
[BlackElo "2719"]
[Annotator "TA"]
[PlyCount "78"]
[EventDate "2020.07.19"]
[EventType "tourn"]
[EventCountry "SUI"]

{[%evp 15,78,31,20,11,37,35,39,32,32,36,28,34,32,33,34,24,31,27,33,23,38,15,10,15,30,16,18,18,22,3,14,0,4,0,0,-19,-19,-18,0,0,0,-25,-13,0,0,-27,-40,-31,-8,-8,-8,-8,-9,-30,-41,-152,-136,-389,-377,-572,-569,-571,-616,-616,-613]} 1. d4 Nf6 2. c4 e6 3. Nf3 b6 4. g3 Bb7 5. Bg2 Bb4+ 6. Bd2 a5 7. O-O O-O 8. Bf4 Be7 9. Re1 {E16: Queen's Indian: 4 g3 Bb7 5 Bg2 Bb4+.} Na6 10. Nc3 Ne4 11. Nd2 {White is slightly better.} Nxc3 12. bxc3 Bxg2 13. Kxg2 d6 14. e4 Nb8 {[#]} 15. Rb1 $146 ({Predecessor:} 15. Nf3 a4 16. e5 Ra5 17. Qe2 Nc6 18. Rad1 dxe5 19. Bxe5 Nxe5 20. Nxe5 Qa8+ 21. Qe4 Qxe4+ 22. Rxe4 {½-½ (33) Nakamura,H (2781)-Rapport,R (2700) Caleta 2018}) 15... Nd7 16. Qa4 Qe8 17. Qc6 Rc8 18. Rb5 Nb8 19. Qxe8 Rfxe8 20. Be3 Nd7 21. a4 g6 22. h4 h5 23. f3 Kg7 24. Bg5 Bf8 25. g4 hxg4 26. fxg4 e5 27. Nf3 Kg8 28. h5 Bg7 29. Rbb1 Re6 30. Bd2 exd4 31. cxd4 Rce8 32. Ng5 R6e7 33. hxg6 fxg6 34. Be3 Nf6 35. c5 (35. d5 $15) 35... Nxe4 36. Rec1 $2 {[%mdl 8192] This move loses the game for White.} (36. Bf4 $17 {was worth a try.}) 36... dxc5 37. dxc5 (37. Nf3 $142) 37... Nc3 $19 {[%mdl 64] [#] Double Attack, Discovered Attack. Black is clearly winning.} 38. cxb6 Nxb1 39. bxc7 Nc3 {Accuracy: White = 67%, Black = 96%.} 0-1

[Event "53rd Biel Rapid 2020"]
[Site "Biel"]
[Date "2020.07.20"]
[Round "7.2"]
[White "Keymer, Vincent"]
[Black "Edouard, Romain"]
[Result "1/2-1/2"]
[WhiteElo "2558"]
[BlackElo "2649"]
[Annotator "TA"]
[PlyCount "71"]
[EventDate "2020.07.19"]
[EventType "tourn"]
[EventCountry "SUI"]

{[%evp 19,71,26,37,21,17,12,13,23,29,18,23,0,31,-16,24,7,32,0,14,5,26,26,25,14,21,41,62,27,30,58,34,8,6,6,7,0,0,0,0,0,0,0,0,0,19,19,19,19,14,14,15,14,17,3]} 1. Nf3 c5 2. c4 Nc6 3. Nc3 Nf6 4. g3 e6 5. Bg2 d5 6. cxd5 exd5 7. d4 Be7 8. O-O O-O 9. Be3 c4 10. Ne5 Be6 11. Nxc6 {D34: Tarrasch Defence: 6 g3 Nf6 7 Bg2 Be7.} bxc6 12. b3 cxb3 13. axb3 Qb6 14. Na4 Qb5 {[#]} 15. Nc3 $146 ({Predecessor:} 15. Qc2 Nd7 16. Rfc1 Rfc8 17. Bf1 Qb4 18. Nb2 Qb6 19. Na4 Qb4 20. Nb2 Qb6 21. Qd3 {1-0 (40) Vadasz,L-Raicevic,V Sombor 1974}) 15... Qb4 16. Qc2 Rfb8 17. Rfb1 g6 {With the idea ...Bf5.} 18. Ra4 Bf5 19. Qc1 Qb7 20. Rb2 a5 21. Bf4 Rc8 22. Bg5 Ne4 23. Nxe4 dxe4 24. Bxe7 Qxe7 25. Rba2 c5 {The position is equal.} 26. d5 Rab8 27. Qc3 c4 28. bxc4 (28. Rxc4 $2 Rxc4 29. Qxc4 (29. bxc4 $2 {too greedy.} Rb1+ 30. Bf1 Bh3 $19) 29... Rc8 $17) 28... Rb1+ 29. Bf1 Bh3 {[%csl Gh3][%cal Rb1f1] [#]} 30. Ra1 Rcb8 $1 {aiming for ...Bxf1.} 31. Rxa5 {Threatens to win with Rb5.} Qd8 {White must now prevent ...Bxf1.} 32. Rb5 $1 {[%cal Rb5b1]} R1xb5 33. cxb5 Bxf1 34. Kxf1 {[#] Qb3 is the strong threat.} Qxd5 35. Qc6 Rxb5 36. Qxd5 {Accuracy: White = 81%, Black = 84%.} 1/2-1/2

[Event "53rd Biel Rapid 2020"]
[Site "Biel"]
[Date "2020.07.20"]
[Round "7.3"]
[White "Harikrishna, Pentala"]
[Black "Anton Guijarro, David"]
[Result "1/2-1/2"]
[WhiteElo "2719"]
[BlackElo "2703"]
[Annotator "TA"]
[PlyCount "85"]
[EventDate "2020.07.19"]
[EventType "tourn"]
[EventCountry "SUI"]

{[%evp 19,85,26,27,34,30,23,29,22,48,4,11,0,10,10,31,17,31,18,24,29,39,30,25,22,84,69,66,0,0,0,0,-2,0,-78,-82,-99,-101,-96,-102,-177,-185,-162,-135,-134,-136,-141,-145,-131,-135,-79,-53,-64,-80,-105,-51,-53,-25,-239,-170,-258,-261,-225,-15,-15,-15,-14,-14,-17]} 1. d4 d5 2. c4 dxc4 3. Nf3 Nf6 4. e3 e6 5. Bxc4 c5 6. O-O a6 7. dxc5 Bxc5 8. Qxd8+ Kxd8 9. Nc3 b5 10. Be2 Bb7 11. Nd2 {D27: Queen's Gambit Accepted: Classical main line: 7 e4!? and 7 a4.} Ke7 $1 {[%mdl 4] outshines the older 11...Nbd7. Played by Shakhriyar Mamedyarov in June 2020.} 12. Nb3 Bd6 13. Na5 {White has an edge.} Ra7 14. Nxb7 (14. f3 {is more complex.} Nc6 15. Nb3 Bc7 16. a4 b4 17. Nd1) 14... Rxb7 15. Bd2 Rd8 16. Rfd1 {[#]} Rbd7 $146 {And now ...Bxh2+! would win.} ({Predecessor:} 16... Nc6 17. Be1 Rc7 18. Kf1 g5 19. h3 Ne5 20. a4 b4 21. Na2 a5 22. Nc1 Bc5 23. Rxd8 Kxd8 {½-½ (51) Fressinet,L (2625)-Edouard,R (2650) Chartres 2019}) 17. Be1 g5 18. h3 h5 19. Kf1 Be5 20. Rac1 Rxd1 21. Nxd1 Kd7 (21... h4 $11) 22. Rc5 Kd6 23. Bb4 ({White should try} 23. Rc2 $1 $14) 23... Nc6 $11 24. Rxb5+ Kd7 $1 ({Of course not} 24... Nxb4 $6 25. Rxb4 Kc7 26. Ra4 $16) 25. Rb7+ {[%mdl 64] Discovered Attack} Kc8 26. Rxf7 (26. Rb6 $11 {keeps the balance.} Kc7 27. Bc5) 26... Nxb4 $17 27. f4 gxf4 {[%mdl 64] Overworked Piece} 28. exf4 Bd4 29. g4 (29. a3 $17 Nbd5 30. Bxa6+ Kb8 31. Nc3) 29... hxg4 $19 30. hxg4 Rd7 31. Rxd7 Kxd7 32. a3 Nbd5 33. f5 e5 34. g5 Nh7 35. g6 Nhf6 36. Bc4 Kd6 ({Black should play} 36... Ke7 $17 {Threatens to win with ...Kf8.} 37. b4 e4) 37. g7 $15 Ne7 {aiming for ...e4.} 38. Nf2 $2 (38. Ke2 $11 {and White has nothing to worry.}) 38... a5 39. b4 (39. Nd1 $142) 39... axb4 $19 ({Worse is} 39... Nxf5 40. Ne4+ $1 {[%mdl 512]} Ke7 41. Nxf6 $11) 40. axb4 {[#]} e4 $2 ({Better is} 40... Be3 $1 $19 {Hoping for ...Bh6.} 41. Ke2 Bh6) 41. Nxe4+ $11 {The position is equal.} Nxe4 42. g8=Q Nxg8 43. Bxg8 {Accuracy: White = 68%, Black = 68%.} 1/2-1/2

[Event "53rd Biel Rapid 2020"]
[Site "Biel"]
[Date "2020.07.20"]
[Round "7.4"]
[White "Naiditsch, Arkadij"]
[Black "Adams, Michael"]
[Result "0-1"]
[WhiteElo "2626"]
[BlackElo "2701"]
[Annotator "TA"]
[PlyCount "78"]
[EventDate "2020.07.19"]
[EventType "tourn"]
[EventCountry "SUI"]

{[%evp 9,78,12,25,25,25,22,33,28,26,18,18,12,15,1,33,25,58,47,50,60,54,39,37,47,43,0,0,-22,-23,-22,-25,-30,-29,-27,-27,-26,-29,-43,-52,-86,-72,-110,-110,-140,-146,-148,-142,-191,-189,-193,-185,-232,-199,-215,-195,-299,-310,-310,-305,-300,-292,-357,-354,-350,-353,-342,-343,-337,-331,-582,-630]} 1. e4 e5 2. Nf3 Nc6 3. Bb5 a6 4. Bxc6 dxc6 5. O-O Qf6 6. d4 {C68: Ruy Lopez: Exchange Variation, sidelines.} exd4 7. Bg5 Qd6 8. Nxd4 {White is slightly better.} Be7 9. Be3 Nh6 10. Qd2 Ng4 {[%csl Gg4][%cal Rd6h2] [#]} 11. Bf4 Ne5 $1 {[#]} 12. Nc3 $146 ({Predecessor:} 12. Qe3 Qf6 13. Bg3 Nc4 14. Qc3 c5 15. Qxc4 Qxd4 16. Qxd4 cxd4 17. Bxc7 Be6 18. f3 Rc8 {½-½ (18) Gonzalez Sanchez,F (2128)-Ferre Perez,A (2146) ICCF email 2014}) 12... Nc4 13. Bxd6 Nxd2 14. Bxe7 Kxe7 15. Rfe1 Nc4 16. b3 Na3 17. Rad1 Rd8 18. Re2 Nb5 19. Ncxb5 axb5 20. Red2 {[#] Nxc6+! is the strong threat.} Rd6 21. c3 $1 f6 22. Kf1 g6 23. Ke2 Bd7 24. b4 Ra3 {Black continues to play with concentration.} 25. Rc1 Be6 26. Rcc2 Bc4+ 27. Ke3 b6 {[%cal Bb7b6,Bb6c5][%mdl 32]} 28. f4 {intending e5.} c5 29. bxc5 bxc5 30. Nf3 Rxd2 31. Kxd2 Bxa2 $19 {[%mdl 4096] Endgame KRB-KRN} 32. e5 (32. Rb2 {keeps fighting.}) 32... Bd5 33. exf6+ Kxf6 34. Ne5 Bxg2 35. Nd7+ Kf5 36. Nxc5 Bd5 ({Less strong is} 36... Kxf4 37. Rb2 $19) 37. Ke3 c6 38. Kd4 Ra1 (38... Kxf4 $2 39. Nd3+ Kg4 40. Nb4 $19) 39. Nd7 $2 (39. Rd2 {was worth a try.}) 39... Rd1+ {Accuracy: White = 62%, Black = 96%.} 0-1